ბათუმის შოთა რუსთაველის სახელმწიფო უნივერსიტეტის ბიბლიოთეკა

ჭანურის გრამატიკული ანალიზი ტექსტებითურთ / (ბიბ.ჩანაწერი № 53239)

000 -ლიდერი
ფიქსირებული სიგრძის საკონტროლო ველი 01241nam a2200253Ia 4500
001 - საკონტროლო ნომერი
საკონტროლო ველი 20280
003 - საკონტროლო ნომრის იდენტიფიკატორი
საკონტროლო ველი GE_BSU
005 - ბოლო ოპერაციის თარიღი და დრო
საკონტროლო ველი 20200825163409.0
008 - ფიქსირებული სიგრძის მონაცემთა ელემენტები - ზოგადი ინფორმაცია
ფიქსირებული სიგრძის საკონტროლო ველი 181216s1936||||ge |||||||||||||| ||geo||
040 ## - კატალოგიზაციის წყარო
Transcribing agency GE_BSU
041 ## - ენის კოდი
Language code of text/sound track or separate title geo
080 ## - უნივერსალური ათობითი კლასიფიკაციის ინდექსი
Universal Decimal Classification number 811.353.31'36 ჩ-69
100 ## - მთავარი ჩანაწერი - პიროვნების სახელი
Personal name ჩიქობავა, არნოლდ
9 (RLIN) 1234
245 ## - ცნობა სათაურის შესახებ
Title ჭანურის გრამატიკული ანალიზი ტექსტებითურთ /
Statement of responsibility, etc ჩიქობავა, არნოლდ
264 ## - წარმოების, გამოცემის, დისტრიბუციის და სხვა ცნობები
გამოცემის, წარმოების, დისტრიბუციის... ადგილი ტფილისი :
გამოცემის, წარმოების, დისტრიბუციის... სახელწოდება სსრკ. მეცნ. აკად. საქ. ფილ-ის გამ-ბა,
გამოცემის, წარმოების, დისტრიბუციის... თარიღი 1936.
300 ## - ფიზიკური აღწერა
Extent 152 გვ. :
Other physical details 1 ჩართ. ფ. რუკ. ;
Dimensions 22 სმ.
500 ## - ზოგადი შენიშვნა
General note დამატ. თავფურ. რუს. და ფრანგ. ენებზე
504 ## - BIBLIOGRAPHY, ETC. NOTE
Bibliography, etc ბიბლიოგრ. : გვ. XVIII-XIX
520 ## - SUMMARY, ETC.
Summary, etc რეზიუმე რუსულ და ფრანგულ ენებზე
653 ## - INDEX TERM--UNCONTROLLED
Uncontrolled term ჭანური ენის გრამატიკა
653 ## - INDEX TERM--UNCONTROLLED
Uncontrolled term ჭანურის გრამატიკული ანალიზი ტექსტებითურთ
942 ## - ADDED ENTRY ELEMENTS (KOHA)
Koha item type წიგნი
Source of classification or shelving scheme
ეგზემპლარები
ჩამოწერის სტატუსი დაკარგული ეგზემპლარის სტატუსი კლასიფიკაციის წყარო ან თაროზე გაწყობის სქემა დაზიანების სტატუსი არ გაიცემა მუდმივი მდებარეობა (დაცვის ადგილი) ამჟამინდელი ადგილსამყოფელი თაროზე განთავსების ადგილი შეძენის თარიღი ღირებულება, შესყიდვის ნორმალური ფასი სრული შენახვის შიფრი შტრიხკოდი ბოლო ოპერაციის თარიღი ეგზემპლარის მიმდევრობითი ნომერი (კეტერი?) ფასის ძალაში შესვლის თარიღი ეგზემპლარის სახეობა საჯარო შენიშვნა
          ბათუმის შოთა რუსთაველის სახელმწიფო უნივერსიტეტის მთავარი ბიბლიოთეკა ბათუმის შოთა რუსთაველის სახელმწიფო უნივერსიტეტის მთავარი ბიბლიოთეკა წიგნსაცავი 2018-12-17 4.00 811.353.31'36 ჩ-69 52986 2018-12-17 52986 2018-12-17 წიგნი 4.00 ლ.